Riconosci il Pokémon - Quiz n°73 - Statistics

Statistiche generali
  • Questo quiz è stato fatto 5 volte
  • Il punteggio medio è 9 su 10
Statistiche sulle risposte
Indizio Risposta % Corretto
Peso 160,0 kg
100%
Altezza 3,2 m
100%
Tasso di cattura 45 (11.9%)
100%
Sesso 50% ♂, 50% ♀
100%
Generazione Nona
100%
Tipo Normale / Psico
100%
Stadio evoluzione Prima evoluzione
100%
Tasso di allevamento Medio-Veloce
80%
Abilità Ruminante; Codarmatura; Mangiaerba
80%
Pokémon Farigiraf
60%
Nessun quiz corrispondente trovato
Distribuzione punteggi
Percentuale di utenti per punteggio
Percentile per numero di risposta
I tuoi punteggi nel tempo
Non hai fatto questo quiz